00270nam a2200109Ia 4500008004100000100001300041245004600054260002000100650001500120942000800135999001700143190216s9999||||xx |||||||||||||| ||und|| aBrij Lal 0aMedical Entrance Examination Guide Physic bEurasia Pub-Ltd aReferences cREF c36121d36121